Đại số sơ cấp và thực hành giải toán

Tallennettuna:
Bibliografiset tiedot
Päätekijä: Hoàng Kỳ
Aineistotyyppi: Kirja
Kieli:Vietnamese
Julkaistu: H. Đại học Sư Phạm 2005
Tagit: Lisää tagi
Ei tageja, Lisää ensimmäinen tagi!
Thư viện lưu trữ: Mạng thư viện Đại học Đà Nẵng
LEADER 00934nam a2200277 4500
001 000016411
003 12813
005 20121031091009.0
008 121031s2005 viesd
041 0 |a vie 
082 |a 512  |b HO-K 
100 0 |a Hoàng Kỳ 
245 0 |a Đại số sơ cấp và thực hành giải toán  |c Hoàng Kỳ, Hoàng Thanh Hà 
260 |a H.  |b Đại học Sư Phạm  |c 2005 
300 |a 436 tr.  |c 24 cm. 
500 |a ĐTTS ghi: Bộ giáo dục và đào tạo 
OWN |a LSP 
AVA |a UDN50  |b LSP  |d 512 HO-K  |e check_holdings  |t Error 5003 Not defined in file expand_doc_bib_avail.  |h N  |k 1 
999 |a From the UDN01 
AVA |a UDN50  |b LSP  |d 512 HO-K  |e available  |t Error 5001 Not defined in file expand_doc_bib_avail.  |f 49  |g 1  |h N  |i 6  |k 1 
TYP |a Monograph 
TYP |a Printed language 
980 |a Mạng thư viện Đại học Đà Nẵng